[Event "Linares Anibal op 04th"]
[Site "Linares"]
[Date "1997.??.??"]
[Round "5"]
[White "Suba, Mihai"]
[Black "Ribeiro, Fernando"]
[Result "1-0"]
[WhiteElo "2535"]
[BlackElo "2305"]
[Annotator "Har Zvi,R"]
[PlyCount "79"]
[EventDate "1997.02.??"]
[EventType "swiss"]
[EventRounds "10"]
[EventCountry "ESP"]
[SourceTitle "CBM 058"]
[Source "ChessBase"]
[SourceDate "1997.06.01"]
[SourceVersion "1"]
[SourceVersionDate "1997.06.01"]
[SourceQuality "1"]

1. d4 {Mowsziszian,K} d6 2. e4 Nf6 3. f3 e5 4. Be3 {this move has been really
very few times and noon by any strong player} (4. d5 Nxe4 $6 (4... c6 5. c4 Qb6
6. Nc3 Be7 7. Nge2 (7. Qe2 Nbd7 8. Be3 Nc5 9. Qd2 O-O 10. Na4 $14 {Kortschnoj,
V-Rivas Pastor,M/Barcelona/1992/}) 7... O-O 8. Ng3 cxd5 9. Na4 $1 Qc7 10. cxd5
Bd7 11. Be3 Rc8 12. Nc3 Na6 {Kasparov,G-Wahls,M/Baden Bades (m) 1992 54/108 
[Kasparov,G]} 13. Bxa6 $1 bxa6 14. O-O $14) (4... Be7 5. Be3 O-O (5... Nh5 $5)
(5... Nh5 {Mowsziszian} 6. Qd2 h6 7. g3 Bg5 8. Bh3 Bxe3 9. Qxe3 Nd7 10. Ne2 Nb6
11. Bxc8 Rxc8 12. b3 c6 13. dxc6 bxc6 14. c4 O-O 15. Nbc3 d5 16. exd5 cxd5 17.
Qxe5 Nf6 18. Rd1 Re8 19. Qd4 Qe7 20. c5 Rxc5 21. Kf2 Rc6 22. Rd2 Rec8 {1/2-1/2
Gerusel,M-Treppner,G/BL 8384 (1984) ;BL 1984}) 6. c4 (6. Qd2 c6 7. c4 b5 8. Nc3
b4 9. Nd1 a5 10. Nf2 Qc7 (10... c5 $14) 11. Rc1 Nbd7 12. Ne2 Ba6 13. Ng3 $13 {
Korchnoi,V-Nikolic,Pr  Barcelona 1989}) 6... a5 7. Nc3 Nfd7 8. Bd3 Nc5 9. Bc2
Bh4+ 10. g3 Bg5 11. Bf2 c6 12. Nge2 cxd5 {Lutz,Ch-Sokolovs,A Moscow (ol) 1994
62/102 [Lutz,Ch]} 13. Nxd5 $1 Bh3 14. Rg1 Bd7 15. h4 Bh6 16. g4 g6 17. g5 Bg7
18. Qd2 $16) 5. fxe4 Qh4+ 6. Kd2 Qxe4 7. Qf3 Qg6 8. Qg3 Be7 9. Nc3 f5 10. Qxg6+
hxg6 11. Nh3 {when white must be better in this position Gulko,B-Benjamin,J 
USA-ch 1996} (11. Nh3 Nd7 12. Ke1 c6 13. a4 $1 Nb6 14. dxc6 bxc6 15. a5 Nd7 16.
b4 a6 (16... Rb8 17. b5 $16) 17. Na4 d5 18. c3 Rb8 {1/2-1/2 Gulko,B-Benjamin,J/
USA (ch) 67/137 1996 (89)} (18... f4 $5 19. Nxf4 $1 exf4 20. Bxf4 $14))) (4.
dxe5 dxe5 5. Qxd8+ Kxd8 6. Bc4 Ke8 (6... Be6 7. Bxe6 fxe6 8. Nh3 (8. Be3 Bd6 (
8... Nbd7 $5) (8... Na6 $5) 9. Nd2 (9. Ne2 Ke7 10. Nd2 a6 11. a4 Nc6 12. c3 (
12. a5 $5 Bb4 13. c3 Bxa5 14. Nc4) 12... Nd7 13. Nc1 b5 14. Nd3 $14 {Hertneck,
G-Lutz,ch Muenchen 1993 58/135 [Hertneck,G]}) 9... Ke7 10. Nh3 Nbd7 11. Nf2
Rhg8 12. O-O-O g5 13. g4 Raf8 14. h4 $16 {Arkhipov,S-Panchenko,A.N/Nabereznye
chelny 58/(135)}) 8... Bc5 9. Nf2 Bxf2+ 10. Kxf2 Nc6 11. Be3 Ke7 12. Na3 $14 {
Yusupov,A-Christiansen,L/Las Palmas 1993 58/136 [Yusupov,A]}) 7. Be3 (7. a4 {
Mowsziszian} a5 8. Na3 Bb4+ 9. Ke2 Nfd7 10. c3 Bc5 11. Bd3 Nb6 12. Nc2 Nc6 13.
b3 Be6 14. Rb1 f6 15. h4 h5 16. Nh3 Kf7 17. Nf2 Rad8 18. Ne3 Nd7 19. Bc4 Nb6
20. Bxe6+ Kxe6 21. Nd3 Bd6 22. Nc4 Nd7 23. Be3 {1-0 Mikhalevski,V-Kanstler,B/
ISR-chT (06) (Beer2-AFEK) ;EXP 52 1996 (49)}) 7... Nbd7 8. Nd2 Bc5 9. Nf1 (9.
Bg5 h6 10. Bh4 {Kramnik,V-Speelman,J/Biel (izt ) 58/137 [Kramnik,V]} Nh5 $1 11.
Ne2 Nf4 $11 {Kramnik,V}) 9... Ke7 10. O-O-O c6 11. Nh3 h6 12. Nf2 Rd8 13. Nd3
Bb6 14. c3 Kf8 15. b4 $14 {Ionescu,Co-Iordachescu,V Bucuresti 1996 66/(81)})
4... exd4 (4... Nbd7) (4... Nc6 5. d5 Ne7 6. c4) 5. Qxd4 Nc6 (5... Be7 6. Nc3
O-O) (5... Be7 $142 {Mowsziszian /\0-0}) 6. Bb5 (6. Qd2 d5) 6... Be7 (6... Bd7)
7. Nc3 O-O 8. Bxc6 bxc6 9. Nge2 Re8 10. O-O-O (10. O-O) (10. O-O {Mowsziszian})
10... Nd7 11. Qa4 Bb7 12. Qa5 $1 {a good move not allowing black to play a5,
since after a5 by black he may play c5 and Nb6 with some initiative on the
queen's side} c5 13. Kb1 Qb8 14. Bc1 Nb6 15. b3 Bc6 (15... c4 16. Bb2 cxb3 17.
axb3 c5 18. Nf4) (15... c6 $1 {Mowsziszian /\d5 oder Ld8 nacher a7-a5-a4:
oderLc8,c5-c4}) 16. Nf4 Qb7 (16... Bf6 $5 {Mowsziszian} 17. Nfd5 (17. Bb2 Qb7
18. Nfd5 Bxd5 19. exd5 (19. Nxd5 $4 Bxb2 20. Kxb2 Nc4+) 19... Re3 $17) 17...
Bd4 18. Ne2 Bxd5 19. Nxd4 Bxe4 20. fxe4 cxd4 21. Rxd4 c5 $15) 17. Ncd5 Bxd5 (
17... c4 18. Bb2 cxb3 (18... Rab8 $2 19. Nxe7+ Rxe7 20. Qg5) 19. axb3 Bf8 {
seems a better way to play than exchange on d5 twice just giving white the
better position}) (17... Bd8 $5 {Mowsziszian}) 18. Nxd5 Nxd5 19. Rxd5 Bf6 20.
Bb2 Bxb2 21. Kxb2 Qb6 (21... c4 $142 {Mowsziszian um die weisse Königsstellung
zu verschlechtern.}) 22. Qc3 Rab8 $6 {just a silly move,the rook is doing
nothing on b8 [maybe he is even better on a8 defending the a7 pawn ] while
black missed white's idea,I think he should have played f6 or maybe Re6} (22...
Re6 {Mowsziszian /\Tae8}) 23. e5 Rxe5 (23... Re6 24. exd6 cxd6 25. Rhd1 Rd8 26.
f4 $36 {[%csl Ra7,Rc5,Rd6,Rg8][%cal Gg2g4,Gh2h4,Gf4f5]}) 24. Rxe5 dxe5 {
[%tqu "En","what would you play if you were white? think well","will the pawns
run away?","","h1d1","a very strong powerful move,the pawns are going no where
while it is exstrmely important to take the control over the 'd' file",4]} 25.
Rd1 $1 {[%csl Ra7,Rc5,Rc7,Re5] a very strong powerful move,the pawns are going
no where while it is exstrmely important to take the control over the "d" file}
e4 (25... f6 26. Rd7 (26. Qc4+ {Mowsziszian} Kh8 27. Rd7 Rg8 28. Qf7 Qb4 $15))
(25... Qf6 26. Rd5) (25... Re8 26. Rd5) 26. fxe4 h6 27. Rd5 Qg6 {[%tqu "En",
"if you found the answer to the first training than this one should not be too
difficult","","","g2g3","a very strong move,in the 'g' pawn hold in the
endgame all black's pawns the,white has time to play this move since the pawns
c5,c7,a7 stay where there are",2]} 28. g3 $1 {a very strong move,in the "g"
pawn hold in the endgame all black's pawns the,white has time to play this
move since the pawns c5,c7,a7 stay where they are,after g3 the game is simply
over} Qxe4 29. Rxc5 Qg2 30. Rxc7 Qxh2 31. Rxa7 {[%csl Gg3]} Re8 32. Qf3 Rf8 33.
Rd7 Qg1 34. a4 Qb6 35. Qf5 g6 36. a5 Qe3 37. Qf4 Qe6 38. Qd6 Qe1 39. a6 Qa5 40.
a7 1-0

[Event "St Petersburg-ch"]
[Site "St Petersburg"]
[Date "1997.??.??"]
[Round "6"]
[White "Popov, Valerij"]
[Black "Gubanov, Anton"]
[Result "1-0"]
[WhiteElo "2430"]
[BlackElo "2370"]
[Annotator "Har Zvi,R"]
[PlyCount "75"]
[EventDate "1997.03.04"]
[EventType "swiss"]
[EventRounds "9"]
[EventCountry "RUS"]
[SourceTitle "CBM 058"]
[Source "ChessBase"]
[SourceDate "1997.06.01"]
[SourceVersion "1"]
[SourceVersionDate "1997.06.01"]
[SourceQuality "1"]

1. e4 d6 2. d4 Nf6 3. f3 d5 (3... e5 {Suba-Ribeiro CBM 58}) 4. e5 Nfd7 (4...
Ng8 5. c4 (5. Be3 c6 6. Nc3 h5 7. Bd3 Nh6 8. Nge2 Bf5 9. Nf4 e6 10. Bf2 g6 11.
Be2 Bb4 12. a3 Bxc3+ 13. bxc3 Qa5 14. Qd2 Nd7 15. Bh4 Qa4 16. Ra2 Ng8 17. O-O
$16 {Lutz,Ch-Delchev,A Moscow (olm) 1994 62/(103)}) (5. Bd3 c5 6. c3 Nc6 7. Ne2
Qb6 8. dxc5 Qxc5 9. f4 (9. Bf4 e6 10. Na3 Qa5 11. Nb5 a6 12. Nbd4 Qc7 $13 {
Zeller,F-Beim,V Schwaebisch Gmuend 1995}) 9... Nh6 10. Nd4 Bg4 11. Qd2 g6 12.
Na3 e6 13. Nab5 Qb6 14. h3 Bf5 15. g4 Bxd3 16. Qxd3 a6 $13 {Pugachev,A-Beim,V
Leewarden op 1994}) 5... e6 6. Nc3 dxc4 7. Be3 (7. Bxc4 c5) 7... Nd7 (7... Nc6
8. f4) 8. Qa4 (8. Bxc4 $2 Nxe5 $1 9. dxe5 Qh4+) 8... Ne7 9. Bxc4 Nf5 10. Bf2 c6
11. Bd3 Nb6 (11... Nc5 $2 12. dxc5 Qxd3 13. Rd1 Qa6 14. Qxa6 bxa6 15. Ne4 {
[%csl Rd6]}) 12. Qa5 Nxd4 13. Rd1 (13. O-O-O) 13... c5 14. Nge2 {with a big
mass Van der Sterren,P-Speelman,J Moscow (olm) 1994 62/103 [Speelman,J]}) 5. c4
(5. f4 c5 6. Nf3 Nc6 7. Be3 $1 cxd4 8. Nxd4 Nxd4 9. Bxd4 Nb8 10. Nc3 Nc6 (10...
e6 {40/359 , C11}) 11. Bb5 e6 12. a3 Bd7 13. Bxc6 {Gelfand,B-Adams,M Wijk ann
Zee (m/6) 1994 59/132 [Gelfand,B ,Huzman,A]} bxc6 $1 14. Na4 Qa5+ 15. c3 c5 16.
Nxc5 Bxc5 17. b4 Bxd4 $3 (17... Bxb4 18. axb4 $16) 18. bxa5 Bxc3+ 19. Kf2 O-O
$1 (19... Bxa1 $6 20. Qxa1 $16) 20. Rc1 Bxa5 $44 {[%cal Gf7f6]}) 5... dxc4 6.
Bxc4 e6 7. f4 c5 8. dxc5 (8. Nf3 cxd4 9. O-O Nc6 10. a3 a5 11. Nbd2 Nc5 12. b3
Be7 13. Bb2 O-O 14. Kh1 b6 $17 {Hansen,Cu-Adams,M Wijk op 1993}) 8... Bxc5 9.
Nf3 Qb6 (9... a6 10. Nc3 b5 11. Bd3 Bb7 12. a3 Nc6 13. Ne4 O-O 14. h4 Be7 15.
Be3 f6 16. Bc2 $36 {Kasparov,G-Hansen,Cu Svendborg (m) 1990}) 10. Nc3 Nc6 11.
a3 O-O 12. Na4 Qc7 (12... Qa5+ $2 13. b4 Bxb4+ (13... Nxb4 14. Bd2) 14. axb4
Qxb4+ 15. Nd2 b5 16. Ba3 Qxa4 17. Qxa4 bxa4 18. Bxf8 $16) 13. Nxc5 Nxc5 14. b4
$16 {white has almost all possible advantages oe can hope for,he has the pair
of bishops,he has a big space advantage,he has the initiative while black
pieces are very bad [ look at the c8 bishop]} Nd7 (14... Na6) 15. Qc2 $1 {
[%cal Gc2h7,Gc2c7] a very strong move,white's immediate threat is Ng5 which
from some unknowen reason black choose to ignore,and the second reason is the
pin along the "C' file which will win the game for white after black's next
move [ mistake ]} Ne7 $4 {a very strange move,from two reasons,the first this
move loses immediately,the second it is clear to everyone that white play Qc2
with the threat of Ng5 so it is clear that h6 seems like the noraml move
although of course white remains much better} 16. Ng5 $1 $18 Nf5 17. Nxe6 {
it becomes quite clear that black had missed this simple move,well he has to
pay the price fo this} Qc6 18. Nxf8 Nd4 19. Bxf7+ $2 {of course this is also
winning,but why not the simple Qa2 winning immediately} (19. Qa2 Qe4+ 20. Kf2
Kxf8 21. Re1 $18 {and there is nothing to do but resign}) 19... Kxf8 20. Qxc6
bxc6 21. Ba2 (21. Bb2 Nc2+ 22. Kf2 Nxa1 23. e6) 21... Nc2+ 22. Kd2 Nxa1 23. Bb2
{I think it was smart from black to resign here,but he wished to play?!} Bb7
24. Rxa1 c5 25. e6 Nb6 26. Re1 (26. bxc5) 26... cxb4 27. e7+ Ke8 28. axb4 Bxg2
29. Rg1 Bd5 30. Bxd5 Nxd5 31. Rxg7 Nxe7 32. Bf6 Nc8 (32... Rd8+ 33. Ke2 Rd7 34.
Bxe7 Rxe7+ 35. Rxe7+ Kxe7 36. Ke3 $18) 33. Rxh7 a5 34. b5 Rb8 35. Rh8+ Kd7 36.
Rd8+ Ke6 37. Be5 Ra8 38. b6 1-0

[Event "World Women-ch k.o."]
[Site "Sochi"]
[Date "2015.03.24"]
[Round "3.2"]
[White "Muzychuk, Mariya"]
[Black "Stefanova, Antoaneta"]
[Result "1/2-1/2"]
[WhiteElo "2526"]
[BlackElo "2522"]
[Annotator "Havasi,G"]
[PlyCount "133"]
[EventDate "2015.03.17"]
[EventType "k.o."]
[EventRounds "6"]
[EventCountry "RUS"]
[SourceTitle "CBM 166"]
[Source "ChessBase"]
[SourceDate "2015.05.11"]
[SourceVersion "1"]
[SourceVersionDate "2015.05.11"]
[SourceQuality "1"]

1. e4 g6 2. d4 Bg7 3. Nc3 d6 4. Be3 c6 5. Qd2 b5 6. h4 (6. Bd3 {is the other
move.}) 6... Nf6 7. f3 h5 {Avoiding g4.} (7... Nbd7 8. g4 {is a line, which
Black wants to avoid.}) 8. a4 (8. Nh3 O-O 9. Ng5 {is also typical.}) 8... b4 9.
Nd1 Qa5 $146 (9... a5 {is also possible} 10. c3 O-O 11. Nf2 Nbd7 12. Bd3 $14 {
White might be better.}) 10. c3 Na6 (10... bxc3 11. Qxc3 Qxc3+ 12. bxc3 $14)
11. Nh3 (11. Bd3 O-O 12. Ne2 $14 {is also possible.}) 11... Bxh3 (11... O-O $1
12. Nhf2 Rb8 $13) 12. Rxh3 Rb8 {11...0-0 was even better, but this is also
good.} 13. Bd3 O-O 14. Ke2 $2 {White wants to reorganise the pieces, but this
is too risky.} (14. Kf2 {is also better for Black, but not almost won.}) 14...
Rb7 (14... c5 $17 {would be the principled move.}) 15. Rh1 c5 16. Nf2 Rc8 $6 (
16... Rfb8 $36 {is more consistent, then why Rb7?}) 17. Bb5 {Now White is more
or less fine, however Black is still preferable.} bxc3 (17... Ne8 {is also
possible} 18. Rhc1 Nec7 19. Bc4 $11) 18. bxc3 cxd4 $2 (18... Nc7 $36 {is still
good.}) 19. cxd4 $14 {White is already better.} Nb4 20. Rhc1 Rbc7 21. Rxc7 Rxc7
22. Bd3 (22. Kf1 $1 $16 {is much better.}) 22... Nd7 (22... Rb7 $132) 23. Rb1
Nc6 24. Qxa5 Nxa5 25. Bb5 Nb6 $11 {The B pair is compensated for by the strong
Ns.} 26. Kd3 Nac4 $6 (26... Nbc4 $1 27. Bg5 Rb7 $11) 27. Bc1 e6 28. Nd1 d5 29.
exd5 exd5 30. Ne3 (30. Nc3 $1 $14 {is also good.}) 30... Nd6 31. Ba3 (31. a5 {
is even better} Nd7 32. Ba3 Nxb5 33. Rxb5 $16) 31... Nxb5 32. axb5 $4 {Missing
a big chance.} (32. Rxb5 $1 Nxa4 33. Nxd5 $16) 32... Bf8 (32... Bh6 $1 $11) 33.
Bxf8 Kxf8 34. g4 $1 {Trying to seize a chance, but this won't be enough.} hxg4
35. fxg4 Kg7 36. Ra1 Kh6 (36... Rd7 $11 37. Rh1 Na8 {White can try two plans} {
b)} 38. g5 ({a)} 38. h5 Kh7 $11) 38... Nc7) 37. Ra2 Kg7 38. Ra1 Rb7 39. Rb1 Kf8
$2 {The K is an important piece on the K-side.} 40. Rb2 Kg7 41. Rb1 Rb8 42. Rb2
Rh8 43. Rh2 Kf8 $2 {The K is still needed to stop the h-P.} (43... Rh7 {
is simpler.}) 44. Rh1 Ke8 45. Rh2 Kd7 46. h5 $16 Rh6 47. Ra2 gxh5 48. Rxa7+ Ke8
49. Nf5 Rf6 50. Ng7+ Kf8 51. Nxh5 $16 Rf3+ 52. Ke2 Rb3 53. Nf6 $2 (53. Rb7 $1
$16 {is the only advantageous way.}) 53... Rxb5 54. Rb7 Kg7 $1 55. Nd7 Na4 $1
56. Rxb5 Nc3+ 57. Ke3 Nxb5 $11 58. Nb6 Nc7 59. g5 Kg6 60. Kf4 Ne6+ 61. Kg4 Nxg5
62. Nxd5 Ne6 63. Nf4+ Kf6 64. Nxe6 Kxe6 65. Kf4 Kd5 66. Kf5 Kxd4 67. Kf6
1/2-1/2

[Event "Tashkent FIDE GP"]
[Site "Tashkent"]
[Date "2014.11.02"]
[Round "11"]
[White "Jakovenko, Dmitrij"]
[Black "Caruana, Fabiano"]
[Result "0-1"]
[WhiteElo "2747"]
[BlackElo "2844"]
[Annotator "Havasi,G"]
[PlyCount "86"]
[EventDate "2014.10.21"]
[EventType "tourn"]
[EventRounds "11"]
[EventCountry "UZB"]
[EventCategory "21"]
[SourceTitle "CBM 163"]
[Source "ChessBase"]
[SourceDate "2014.11.11"]
[SourceVersion "1"]
[SourceVersionDate "2014.11.11"]
[SourceQuality "1"]

1. Nf3 g6 {Caruana sometimes plays 1...g6 if he wants to play for a win.} 2. e4
d6 3. c4 Bg4 $5 {This is a rare, but interesting move.} ({After} 3... Bg7 4. d4
Nf6 {the game would transpose to the King's Indian Defence.} ({If Black wants
to play a less usual position, he can play} 4... Bg4 $5)) 4. d4 Bxf3 (4... Bg7
{is more popular.}) 5. Qxf3 e5 (5... Bg7 {is more popular} 6. d5 (6. Qd1 c6 7.
Nc3 Qb6 8. Be3 Qxb2 9. Na4 Qb4+ 10. Bd2 Qa3 11. Bc1 Qb4+ 12. Bd2 Qa3 13. Bc1 {
1/2 Gelfand-Morozevich, Moscow 2008}) 6... Nd7 7. Be2 Ngf6 8. Nc3 O-O 9. O-O c6
10. Rb1 a6 $13 {Buhmann-Salgado Lopez, Belfort 2012}) (5... Nc6 {has also been
tried} 6. Be3 Bg7 7. Qd1 e5 8. d5 Nd4 9. Nc3 c5 $13 {Cmilyte-Kazhgaleyev,
Koszalin 1999}) 6. d5 Nd7 $146 {This move is a novelty.} ({The very logical} 
6... Bh6 {was played before} 7. Nd2 Nd7 8. Bd3 Ngf6 9. O-O O-O 10. Rb1 a5 $13 {
Rahman-Torre, Bled 2002}) 7. Nc3 ({If White avoids the exchange of the bishops
by playing} 7. Bd2 {Black answers} Bh6 8. Bc3 Ngf6 $13) 7... h5 {Black gains
some space on the kingside and postpones ...Bh6.} ({It would also be very
logical to exchange the "bad" bishop by playing} 7... Bh6) 8. Bd3 {White wants
to activate his bishop via d3-c2-a4.} Ngf6 (8... Bh6 {was again possible.}) 9.
O-O h4 10. Bc2 (10. b4 a5 $1 $13) (10. h3 Nh5 $13) 10... Be7 {After this move,
Black will castle artifically by playing Kf8-g7.} 11. Ba4 {White activates his
bishop.} (11. Be3 $5 {is also good} Kf8 (11... Nh7 12. b4 Bg5 13. c5 $36) 12.
b4 Kg7 13. Ba4 $14 (13. a3 $14)) 11... Kf8 12. b4 $6 {This move is an
inaccuracy because} (12. Be3 $1 {was better and after} Kg7 13. b4 {the game
transposes to 11.Be3.}) 12... a5 $1 13. bxa5 (13. a3 Nb6 $132) 13... Rxa5 (
13... Nc5 {was also possible} 14. Bc2 Rxa5 $132) 14. Bxd7 Qxd7 (14... Nxd7 {
seems better} 15. Rb1 b6 $13) 15. a4 Kg7 16. Rb1 b6 17. Rb5 Ra6 (17... Rha8 {
is also good.}) 18. Bd2 Nh7 {Black prepares for ...Bg5 in order to get rid of
the bad bishop.} 19. Qe2 (19. h3 {was more logical:} Bg5 20. Bxg5 Nxg5 21. Qe3
f6 22. f4 $11) 19... Bg5 20. Bxg5 Nxg5 21. h3 Qe7 22. Rbb1 ({White could have
waited with a move like} 22. Qd3 {and it will be very hard to make progress
for Black} {after} Nh7 23. Rb2 {and} Ra5 {White even seizes the initiative with
} 24. f4 $1) 22... Ra5 $1 {Black prevents c5 and improves his rook.} 23. Qe3 {
This move seems a bit useless.} (23. f4 {was a better try, but Black is also
slightly better after} exf4 24. Rxf4 Qe5 25. Qe3 Rc5 $1 26. Rb4 f5 $132 {
, but this is still better than the game}) ({If White does nothing and waits
with} 23. Rb5 Rha8 24. Ra1 {Black can reorganise his forces with} Nh7 $1 $15 (
24... R5a6 $5 {is also possible disturbing White's coordination, not allowing
Rxa5 followed by Nb5})) 23... Nh7 $1 {The knight was already useless on g5,
Black is going to play ...Nf6.} 24. f4 $5 {White seizes the best practical
chance, otherwise his position is much worse.} (24. Rb5 Rha8 $15) 24... Nf6 {
This move allows White some nice moves, which give him enough activity.} (24...
Rc5 $1 {was a strong intermediate move and Black is better after} 25. Qd3 {
This move is practically forced. The advantage of Rc5 will become clear after
24...Nf6 fxe5 Qxe5.... and there is no Rf4.} ({In the event of} 25. Rb4 {
, the rook is very badly placed on b4} exf4 26. Rxf4 Nf6 $15) 25... Nf6 $15 (
25... exf4 26. Rxf4 $36)) 25. fxe5 $1 {White does the right thing, opens the
position.} (25. f5 {can seem to be dangerous in connection with doubling on
the f-file, but black has good resources} Nh5 $1 26. Rf2 Nf4 $132 {followed by
...g5}) 25... dxe5 (25... Qxe5 {is also logical to occupy the e5-square with
the queen, but this move allows White some activity on the kingside with} 26.
Rf4 $1) 26. Rb5 $1 {And White also comes up with a strong counter-move.} Rha8
27. Qg5 $2 {This move is a blunder.} (27. Qf2 $1 {was better and White seems
to hold the position after a line like} Ne8 28. Rxa5 Rxa5 29. d6 $1 Nxd6 30.
Nd5 Qd8 31. Nf6 Nf5 32. Ng4 $11) 27... Nxd5 $1 {Caruana doesn't miss such an
opportunity.} 28. Qxe7 Nxe7 $17 29. Rd1 Rxb5 (29... Nc6 {was also good} 30. Rd7
Rc8 $17 {and White's activity slowly disappears}) 30. cxb5 Kf8 (30... Kf6 {
is also good} 31. Rd7 Rc8 $17) 31. Kf2 Ke8 32. Ke3 f5 (32... Rd8 $17) 33. Nd5
$2 ({Nor is there any hope after} 33. Rd2 Rd8 $17) 33... Rxa4 34. Nxc7+ Kf7 35.
exf5 Nxf5+ 36. Kf3 e4+ 37. Kf4 e3+ 38. Kf3 Ra2 39. Rf1 Rd2 40. Na8 Rd6 41. Ra1
Nd4+ 42. Ke4 e2 43. Re1 Nxb5 0-1